Slovenský kras Acta Carsologica Slovaca

Podrobná bibliografia
Ďalší autori: Bella, Pavel, 1962- (Editor), Hochmuth, Zdenko, 1950- (Editor), Bosák, Pavel, 1951- (Editor), Nemec, Vladimír (Zostavovateľ, kompilátor), Benický, Vojtech, 1907-1971 (Šéfredaktor, zodpovedný redaktor, Zostavovateľ, kompilátor), Jakál, Jozef, 1936-2025 (Zostavovateľ, kompilátor, Editor), Lalkovič, Marcel, 1944-2016 (Editor), Zacharov, Michal (Editor)
Médium: Seriál
Jazyk:slovenčina
čeština
ruština
nemčina
francúzština
angličtina
Fyzický popis:zv. fotogr., grafy, mp. 23 cm
Vydavateľské údaje: Martin Osveta 1958-
1995 V Žiline Knižné centrum
Liptovský Mikuláš Slovenské múzeum ochrany prírody a jaskyniarstva Štátna ochrana prírody Slovenskej republiky - Správa slovenských jaskýň
V Liptovskom Mikuláši Slovenské múzeum ochrany prírody a jaskyniarstva
ISBN:8088924154 (brož. : roč. XXXIX)
8088924197 (brož. : roč. XL)
8088924286 (brož. : roč. XLI)
8088924340 (brož. : roč. XLII)
808892443X (brož. : roč. XLIII)
8088924510 (brož. : roč. XLIV)
9788088924623 (brož. : roč. XLV)
9788080643683 (brož. : roč. XLVII, suppl. 1)
9788080643287 (brož. : roč. XLVI, suppl. 1)
8021700904 (viaz. : roč. XXVII)
8021702141 (viaz. : roč. XXVIII)
8021702923 (brož. : roč. XXIX)
8021703911 (brož. : roč. XXX)
8021705558 (brož. : roč. XXXI)
8088723248 (brož. : roč. XXXIII)
8096762745 (brož. : roč. XXXIV)
8096762796 (brož. : roč. XXXV)
8088924073 (brož. : roč. XXXVI)
8088924049 (brož. : roč. XXXVII)
8088924146 (brož. : roč. XXXVIII)
ISSN:0560-3137
Edícia:Vlastivedné zborníky
Predmet:
On-line prístup:http://www.smopaj.sk/sk/slovensky-kras

MARC

LEADER 00000cas a2200000 a 4500
001 vtls001469494
003 SK-MaSNL
005 20260425194116.0
008 140319c19569999xo fr| o 0 0b0slo
015 |a SNBB2005/02-00488 (roč. XXXIX/2001)  |a SNBB2005/02-00546 (roč. XL/2002)  |a SNBB2006/01-00264 (roč. XLI/2003)  |a SNBB2006/01-00265 (roč. XLII/2004)  |a SNBB2006/01-00266 (roč. XLIII/2005)  |a SNBB2007/03-00822 (roč. XLIV/2006)  |a SNBB2008/03-01170 (roč. XLV/2007)  |a SNBB2014-(roč. XLVI/2008, XLVII/2009, XLVIII/2010, XLIX/2011, L/2012) 
015 |a SNBA1979 (roč. XVI/1978)  |a SNBA1979 (roč. XVII/1979)  |a SNBA1981 (roč. XVIII/1980)  |a SNBA1982/01 (roč. XIX/1981)  |a SNBA1982/11 (roč. XX/1982)  |a SNBA1983/11 (roč. XXI/1983)  |a SNBA1985/01 (roč. XXII/1984)  |a SNBA1986/04 (roč. XXIII/1985)  |a SNBA1986/12 (roč. XXIV/1986)  |a SNBA1988/04 (roč. XXV/1987)  |a SNBA1989/03 (roč. XXVI/1988)  |a SNBA1990/02 (roč. XXVII/1989)  |a SNBA1991/01 (roč. XXVIII/1990)  |a SNBA1992/01 (roč. XXIX/1991)  |a SNBA1992/08 (roč. XXX/1992)  |a SNBA1993/10 (roč. XXXI/1993)  |a SNBA1997/0200482 (roč. XXXIII/1995)  |a SNBA1999/07-02577 (roč. XXXIV/1996)  |a SNBA2000/04-01165 (roč. XXXV/1997)  |a SNBA2001/06-02084 (roč. XXXVI/1998)  |a SNBA2001/06-02085 (roč. XXXVII/1999)  |a SNBA2004/04-02805 (roč. XXXVIII/2000) 
020 |a 8088924154 (brož. : roč. XXXIX) 
020 |a 8088924197 (brož. : roč. XL) 
020 |a 8088924286 (brož. : roč. XLI) 
020 |a 8088924340 (brož. : roč. XLII)  |z 8088924286 
020 |a 808892443X (brož. : roč. XLIII) 
020 |a 8088924510 (brož. : roč. XLIV) 
020 |a 9788088924623 (brož. : roč. XLV) 
020 |a 9788080643683 (brož. : roč. XLVII, suppl. 1)  |z 9788080643287 
020 |a 9788080643287 (brož. : roč. XLVI, suppl. 1) 
020 |a 8021700904 (viaz. : roč. XXVII) 
020 |a 8021702141 (viaz. : roč. XXVIII) 
020 |a 8021702923 (brož. : roč. XXIX) 
020 |a 8021703911 (brož. : roč. XXX) 
020 |a 8021705558 (brož. : roč. XXXI) 
020 |a 8088723248 (brož. : roč. XXXIII) 
020 |a 8096762745 (brož. : roč. XXXIV) 
020 |a 8096762796 (brož. : roč. XXXV) 
020 |a 8088924073 (brož. : roč. XXXVI) 
020 |a 8088924049 (brož. : roč. XXXVII) 
020 |a 8088924146 (brož. : roč. XXXVIII) 
022 |a 0560-3137 
035 |a SNK000424799 
040 |a SNK  |b slo  |c SNK  |d SAVUK  |d SVKBB  |e AACR2 
041 0 |a slo  |a cze  |a rus  |a ger  |a fre  |a eng  |b rus  |b ger  |b eng  |b fre 
043 |a e-xo--- 
044 |a xo  |c SK 
072 7 |a 551  |x Geológia. Meteorológia. Klimatológia  |2 konspekt 
072 7 |a 502  |x Životné prostredie a jeho ochrana  |2 konspekt 
080 |a 502.17  |2 2011 
080 |a (437.6)  |2 2011 
080 |a (082)  |2 2011 
080 |a (058)  |2 2011 
080 |a 050  |2 2011 
080 |a 551.44  |2 2001 
210 0 |a Slov. kras 
222 0 |a Slovenský kras 
245 0 0 |a Slovenský kras  |b Acta Carsologica Slovaca 
246 1 1 |a Slovenský kras  |b Acta Carsologica Slovaca vedecký karsologický a speleologický časopis 
246 1 2 |a Brestovská jaskyňa v Západných Tatrách  |f Suppl. 1/2008 
246 1 2 |a European cave bear researches : 15th International Cave Bear Symposium (17th - 20th September, 2009)  |f Suppl. 1/2009 
246 1 2 |a Korózny účinok krasových tokov na severnej strane Nízkych Tatier  |f Suppl. 1/2013 
246 1 1 |a Slovenský kras  |b sborník Múzea slovenského krasu v Lipt. Mikuláši 
260 |a Martin  |b Osveta  |c 1958- 
260 2 |a 1995  |a V Žiline  |b Knižné centrum 
260 3 |3 2007-  |a Liptovský Mikuláš  |b Slovenské múzeum ochrany prírody a jaskyniarstva  |b Štátna ochrana prírody Slovenskej republiky - Správa slovenských jaskýň 
260 2 |3 1996-2006  |a V Liptovskom Mikuláši  |b Slovenské múzeum ochrany prírody a jaskyniarstva 
300 |a zv.  |b fotogr., grafy, mp.  |c 23 cm 
310 |a 2x ročne  |b 2008- 
321 |a 1x ročne  |b [1956]-2007 
362 0 |a Roč. I ([1956])- 
490 1 |a Vlastivedné zborníky 
500 |a Podnázov v r. 2002: zborník Slovenského múzea ochrany prírody a jaskyniarstva a Správy slovenských jaskýň v Liptovskom Mikuláši 
500 |a Roč. XLII (2004) vydaný pri príležitosti 50. výročia objavenia Ochtinskej aragonitovej jaskyne 
500 |a Podnázov od č. 1/2009: vedecký karsologický a speleologický časopis 
500 |a Editori: 1995, Jozef Jakál, Marcel Lalkovič ; 1996, 1999, Marcel Lalkovič ; 1997, 2000, 2001, Marcel Lalkovič, Michal Zacharov ; 1/2008, 2/2009, 1/2010, 2/2012, Pavel Bella ; 2/2008, 1/2009, 2/2010, 2/2011, 1/2012, Zdenko Hochmuth 
500 |a Evidenčné č. MK SR: EV 3878/09 
500 |a Hosťujúci editor: 1/2011, Pavel Bosák 
500 |a Hlavný red.: I ([1956]), Vojtech Benický 
500 |a Zostavovateľ: II (1957/58)-V (1963/64), VII (1967/68), Vojtech Benický ; X (1972)- , Jozef Jakál 
500 |a Zostavovatelia: VI (1965/66), Vojtech Benický a Vladimír Nemec 
500 |a Podnázov od r. 1967/68 po r. 1982: zborník Múzea slovenského krasu v Lipt. Mikuláši 
500 |a Odborný red.: VIII (1969), XXXI (1993), Jozef Jakál 
500 |a Podnázov od r. 1983 po r. 1987: zborník Múzea slovenského krasu a ochrany prírody v Liptovskom Mikuláši 
500 |a Podnázov v r. 1988-1989: zborník Slovenskej speleologickej spoločnosti v Liptovskom Mikuláši 
500 |a Podnázov v r. 1990: ročenka Slovenskej speleologickej spoločnosti v Liptovskom Mikuláši 
500 |a Podnázov od r. 1991: ročenka Slovenského múzea ochrany prírody a jaskyniarstva v Liptovskom Mikuláši 
500 |a Podnázov od r. 1995: zborník Slovenského múzea ochrany prírody a jaskyniarstva v Liptovskom Mikuláši 
500 |a Podnázov od r. 2012: vedecký karsologický a speleologický časopis 
500 |a Evidenčné č.: EV 3878/09 
504 |a Bibliogr. odkazy ; pozn. 
515 |a Niektoré čísla vychádzajú ako dvojčíslo 
546 |a Čiast. text aj čes., rus., nem., franc., angl.; res. v ruštine, nemčine, angličtine alebo francúzštine 
550 |a R. 2008 vydáva č. 1: Štátna ochrana prírody Slovenskej republiky - Správa slovenských jaskýň a Slovenské múzeum ochrany prírody a jaskyniarstva v Liptovskom Mikuláši, č. 2: Slovenské múzeum ochrany prírody a jaskyniarstva a Štátna ochrana prírody Slovenskej republiky - Správa slovenských jaskýň v Liptovskom Mikuláši 
550 |a R. 2009 vydáva č. 1: Slovenské múzeum ochrany prírody a jaskyniarstva a Štátna ochrana prírody Slovenskej republiky - Správa slovenských jaskýň v Liptovskom Mikuláši, č. 2: Štátna ochrana prírody Slovenskej republiky - Správa slovenských jaskýň a Slovenské múzeum ochrany prírody a jaskyniarstva v Liptovskom Mikuláši 
550 |a Od r. 1958 po r. 1982 vydáva Múzeum Slovenského krasu v Liptovskom Mikuláši vo vydavateľstve Osveta v Martine 
550 |a Od r. 1983 po r. 1987 vydáva Vydavateľstvo Osveta, n. p. Martin pre Múzeum slovenského krasu a ochrany prírody v Liptovskom Mikuláši 
550 |a Od r. 1988 po r. 1990 vydáva Vydavateľstvo Osveta, n. p. Martin pre Slovenskú speleologickú spoločnosť v Liptovskom Mikuláši 
550 |a Od r. 1991 po r. 1993 vydáva Vydavateľstvo Osveta, š. p. Martin pre Slovenské múzeum ochrany prírody a jaskyniarstva v Liptovskom Mikuláši 
550 |a V r. 1995 vydalo Knižné centrum v Žiline pre Slovenské múzeum ochrany prírody a jaskyniarstva v Liptovskom Mikuláši 
555 |a Roč. XLI (2003) obsahuje Bibliografiu zborníka Slovenský kras, ročníky XXXI-XL 
650 0 7 |a speleológia  |2 SNKPH  |9 17878 
650 0 7 |a ochrana prírody  |2 SNKPH  |9 3778 
651 7 |a Slovenský kras (Slovensko : pohorie)  |2 SNKPH  |9 14008 
655 7 |a zborníky  |2 SNKPH  |9 70165 
655 7 |a ročenky  |2 SNKPH  |9 57146 
700 1 |a Bella, Pavel,  |d 1962-  |4 edt  |9 251968 
700 1 |a Hochmuth, Zdenko,  |d 1950-  |4 edt  |9 86459 
700 1 |a Bosák, Pavel,  |d 1951-  |4 edt  |9 219984 
700 1 |a Nemec, Vladimír  |4 com  |9 12364 
700 1 |a Benický, Vojtech,  |d 1907-1971  |4 pbd  |4 com  |9 42403 
700 1 |a Jakál, Jozef,  |d 1936-2025  |4 red  |4 com  |4 edt  |9 104902 
700 1 |a Lalkovič, Marcel,  |d 1944-2016  |4 edt  |9 216382 
700 1 |a Zacharov, Michal  |4 edt  |9 8028 
710 2 |a Múzeum slovenského krasu  |4 pbl  |9 166070 
710 2 |a Múzeum slovenského krasu a ochrany prírody  |4 pbl  |9 234630 
710 2 |a Slovenská speleologická spoločnosť  |4 pbl  |9 29920 
710 2 |a Slovenské múzeum ochrany prírody a jaskyniarstva  |4 pbl  |9 234632 
752 |a Slovensko  |d Žilina 
830 0 |a Vlastivedné zborníky  |9 265659 
852 |a Štátna vedecká knižnica v Banskej Bystrici 
856 4 1 |u http://www.smopaj.sk/sk/slovensky-kras 
910 |a snk 
910 |a savuk 
910 |a snmk 
916 |a [1956]-1993, 1995-2012, 2013-2018, 2019-2020 
919 |a 80-88924-15-4 
919 |a 80-88924-19-7 
919 |a 80-88924-28-6 
919 |a 80-88924-34-0 
919 |a 80-88924-43-X 
919 |a 80-88924-51-0 
919 |a 978-80-88924-62-3 
919 |a 978-80-8064-368-3 
919 |a 978-80-8064-328-7 
919 |a 80-217-0090-4 
919 |a 80-217-0214-1 
919 |a 80-217-0292-3 
919 |a 80-217-0391-1 
919 |a 80-217-0555-8 
919 |a 80-88723-24-8 
919 |a 80-967627-4-5 
919 |a 80-967627-9-6 
919 |a 80-88924-07-3 
919 |a 80-88924-04-9 
919 |a 80-88924-14-6 
958 |a NB 
999 |c 4099  |d 6029 
952 |a SNK  |b SNK  |y PREZ  |7 0  |p 17A0213639  |o snkČSC 944/13/1975  |i snkKSP 7243/75  |8 0  |f 1  |0 0  |1 0  |4 0  |d 1999-10-08  |l 0  |r 2005-01-02 00:00:00  |w 2026-02-21 
952 |a SNK  |b SNK  |y PREZ  |7 0  |p 17A0036004  |o snkČSC 944/27/1989 D1  |0 0  |1 0  |4 0  |d 1997-02-10  |l 0  |r 2004-12-31 00:00:00  |w 2026-02-21 
952 |a SNK  |b SNK  |y PREZ  |7 0  |p 17A0339604  |o snkČSC 944/27/1989  |i snkKSP 455/90  |f 1  |0 0  |1 0  |4 0  |d 2002-04-19  |l 0  |r 2004-12-31 00:00:00  |w 2026-02-21 
952 |a SNK  |b SNK  |y PREZ  |7 0  |p 17A0213643  |o snkČSC 944/28/1990  |i snkKSP 9517/90  |f 1  |0 0  |1 0  |4 0  |d 1999-10-08  |l 0  |r 2004-12-31 00:00:00  |w 2026-02-21 
952 |t 3 príl.  |a SNK  |b SNK  |y PREZ  |7 0  |p 17A0213641  |o snkČSC 944/28/1990/príl.  |i snkKSP 9517/90  |f 1  |0 0  |1 0  |4 0  |d 1999-10-08  |l 0  |r 2004-12-31 00:00:00  |w 2026-02-21 
952 |a SNK  |b SNK  |y PREZ  |7 0  |p 17A0356819  |o snkČSC 944/28/1990 D2  |i snkKSP 11490/2002  |0 0  |1 0  |4 0  |d 2002-09-23  |l 0  |r 2004-12-31 00:00:00  |w 2026-02-21 
952 |a SNK  |b SNK  |y PREZ  |7 0  |p 17A0356809  |o snkČSC 944/28/1990/príl. D2  |i snkKSP 11490/2002  |0 0  |1 0  |4 0  |d 2002-09-23  |l 0  |r 2004-12-31 00:00:00  |w 2026-02-21 
952 |a SNK  |b SNK  |y PREZ  |7 0  |p 17A0213646  |o snkČSC 944/29/1991  |i snkKSP 9180/91  |f 1  |0 0  |1 0  |4 0  |d 1999-10-08  |l 0  |r 2004-12-31 00:00:00  |w 2026-02-21 
952 |a SNK  |b SNK  |y PREZ  |7 0  |p 17A0339805  |o snkČSC 944/29/1991 D1  |i snkKSP 9181/91  |0 0  |1 0  |4 0  |d 2002-04-19  |l 0  |r 2004-12-31 00:00:00  |w 2026-02-21 
952 |a SNK  |b SNK  |y PREZ  |7 0  |p 17A0213581  |o snkČSC 944/30/1992  |i snkKSP 5714/92  |f 1  |0 0  |1 0  |4 0  |d 1999-10-08  |l 0  |r 2004-12-31 00:00:00  |w 2026-02-21 
952 |a SNK  |b SNK  |y PREZ  |7 0  |p 17A0339442  |o snkČSC 944/30/1992 D1  |0 0  |1 0  |4 0  |d 2002-04-19  |l 0  |r 2004-12-31 00:00:00  |w 2026-02-21 
952 |a SNK  |b SNK  |y PREZ  |7 0  |p 17A0228292  |o snkČSC 944/35/1997  |i snkKSP 1789/2000  |f 1  |0 0  |1 0  |4 0  |d 2000-02-10  |l 0  |r 2005-01-02 00:00:00  |w 2026-02-21 
952 |a SNK  |b SNK  |y PREZ  |7 0  |p 17A0228293  |o snkČSC 944/35/1997 D1  |i snkKSP 1790/2000  |0 0  |1 0  |4 0  |d 2000-02-10  |l 0  |r 2005-01-02 00:00:00  |w 2026-02-21 
952 |a SNK  |b SNK  |y PREZ  |7 0  |p 17A0642446  |o snkČSC 944/5/1963-64 D1  |i snkKSP 380/66  |0 0  |1 0  |4 0  |d 2010-01-21  |l 0  |r 2026-02-21 19:42:36  |w 2026-02-21 
952 |t 5 mp. príl.  |a SNK  |b SNK  |y PREZ  |7 0  |p 17A0642018  |o snkČSC 944/5/1963-64/príl. D1  |i snkKSP 380/66  |3 5 ks mapy  |0 0  |1 0  |4 0  |d 2010-01-21  |l 0  |r 2026-02-21 19:42:36  |w 2026-02-21 
952 |t č. 1-2  |a SNK  |b SNK  |y PREZ  |7 0  |p 17A1434486  |o snkČSC 944/57/2019  |i snk2021/7140  |8 0  |f 1  |0 0  |1 0  |4 0  |d 2021-06-16  |l 0  |r 2026-02-21 19:58:44  |w 2026-02-21 
952 |t č. 1-2  |a SNK  |b SNK  |y PREZ  |7 0  |p 17A1434487  |o snkČSC 944/58/2020  |i snk2021/7141  |8 0  |f 1  |0 0  |1 0  |4 0  |d 2021-06-16  |l 0  |r 2026-02-21 19:58:44  |w 2026-02-21 
952 |a SNK  |b SNK  |y PREZ  |7 0  |p 17A0250391  |o snkČSC 944/11/1973 D1  |0 0  |1 0  |4 0  |d 2000-09-06  |l 0  |r 2005-01-02 00:00:00  |w 2026-02-21 
952 |a SNK  |b SNK  |y PREZ  |7 0  |p 17A0446102  |o snkČSC 944/42/2004  |i snkPV 1539/2004  |f 1  |0 0  |1 0  |4 0  |d 2004-11-30  |l 0  |r 2005-01-02 00:00:00  |w 2026-02-21 
952 |a SNK  |b SNK  |y PREZ  |7 0  |p 17A0257820  |o snkČSC 944/9/1971  |i snkKSP 7176/71  |f 1  |0 0  |1 0  |4 0  |d 2000-11-14  |l 0  |r 2005-01-02 00:00:00  |w 2026-02-21 
952 |a SNK  |b SNK  |y PREZ  |7 0  |p 17A0534703  |o snkČSC 944/44/2006/príl. 1  |i snk2007/8855  |8 0  |f 1  |0 0  |1 0  |4 0  |d 2007-03-30  |l 0  |r 2026-02-21 20:14:46  |w 2026-02-21 
952 |a SNK  |b SNK  |y PREZ  |7 0  |p 17A0358934  |o snkČSC 944/39/2001  |i snkPV 5/2004  |f 1  |0 0  |1 0  |4 0  |d 2004-02-25  |l 0  |r 2005-01-02 00:00:00  |w 2026-02-21 
952 |a SNK  |b SNK  |y PREZ  |7 0  |p 17A0367461  |o snkČSC 944/40/2002/príl.  |i snkPV 7/2004  |f 1  |0 0  |1 0  |4 0  |d 2004-03-03  |l 0  |r 2005-01-02 00:00:00  |w 2026-02-21 
952 |a SNK  |b SNK  |y PREZ  |7 0  |p 17A0481360  |o snkČSC 944/10/1972 D1  |i snkKSP 8045/72  |0 0  |1 0  |4 0  |d 2005-08-10  |l 0  |r 2026-02-21 20:15:50  |w 2026-02-21 
952 |a SNK  |b SNK  |y PREZ  |7 0  |p 17A0339928  |o snkČSC 944/1/[1956] D1  |0 0  |1 0  |4 0  |d 2002-04-17  |l 0  |r 2005-01-02 00:00:00  |w 2026-02-21 
952 |a SNK  |b SNK  |y PREZ  |7 0  |p 17A0582490  |o snkČSC 944/45/2007/príl. D1  |i snk2008/14613  |8 0  |0 0  |1 0  |4 0  |d 2008-07-28  |l 0  |r 2026-02-21 20:16:45  |w 2026-02-21 
952 |a SNK  |b SNK  |y PREZ  |7 0  |p 17A0339768  |o snkČSC 944/29/1991/príl. D1  |0 0  |1 0  |4 0  |d 2016-04-18  |l 0  |r 2026-02-21 20:19:18  |w 2026-02-21 
952 |a SNK  |b SNK  |y PREZ  |7 0  |p 17A0654451  |o snkČSC 944/14/1976 D1  |i snkKSP 6168/76  |3 rekatalogizácia  |0 0  |1 0  |4 0  |d 2007-05-17  |l 0  |r 2026-02-21 20:20:10  |w 2026-02-21 
952 |a SNK  |b SNK  |y PREZ  |7 0  |p 17A0762445  |o snkČSC 944/28/1990 D1  |i snkKSP 9518/90  |0 0  |1 0  |4 0  |d 2012-07-12  |l 0  |r 2026-02-21 20:23:27  |w 2026-02-21 
952 |a SNK  |b SNK  |y PREZ  |7 0  |p 17A0888789  |o snkČSC 944/28/1990/príl. D1  |i snkKSP 9518/90  |0 0  |1 0  |4 0  |d 2012-07-12  |l 0  |r 2026-02-21 20:23:27  |w 2026-02-21 
952 |a SNK  |b SNK  |y PREZ  |7 0  |p 17A0213270  |o snkČSC 944/31/1993  |f 1  |0 0  |1 0  |4 0  |d 1999-10-08  |l 0  |r 2004-12-31 00:00:00  |w 2026-02-21 
952 |a SNK  |b SNK  |y PREZ  |7 0  |p 17A0339766  |o snkČSC 944/31/1993 D1  |0 0  |1 0  |4 0  |d 2002-04-19  |l 0  |r 2004-12-31 00:00:00  |w 2026-02-21 
952 |a SNK  |b SNK  |y PREZ  |7 0  |p 17A0339739  |o snkČSC 944/31/1993 príl. D1  |0 0  |1 0  |4 0  |d 2002-04-19  |l 0  |r 2004-12-31 00:00:00  |w 2026-02-21 
952 |a SNK  |b SNK  |y PREZ  |7 0  |p 17A0193296  |o snkČSC 944/26/1988 D1  |0 0  |1 0  |4 0  |d 1999-04-30  |l 0  |r 2004-12-31 00:00:00  |w 2026-02-21 
952 |a SNK  |b SNK  |y PREZ  |7 0  |p 17A0339796  |o snkČSC 944/26/1988  |i snkKSP 722/89  |f 1  |0 0  |1 0  |4 0  |d 2002-04-19  |l 0  |r 2004-12-31 00:00:00  |w 2026-02-21 
952 |a SNK  |b SNK  |y PREZ  |7 0  |p 17A0534701  |o snkČSC 944/44/2006  |i snk2007/8855  |8 0  |f 1  |0 0  |1 0  |4 0  |d 2007-03-30  |l 0  |r 2026-02-21 20:27:39  |w 2026-02-21 
952 |a SNK  |b SNK  |y PREZ  |7 0  |p 17A0534705  |o snkČSC 944/44/2006/príl. 2  |i snk2007/8855  |8 0  |f 1  |0 0  |1 0  |4 0  |d 2007-03-30  |l 0  |r 2026-02-21 20:27:39  |w 2026-02-21 
952 |a SNK  |b SNK  |y PREZ  |7 0  |p 17A0534706  |o snkČSC 944/44/2006/príl. 3  |i snk2007/8855  |8 0  |f 1  |0 0  |1 0  |4 0  |d 2007-03-30  |l 0  |r 2026-02-21 20:27:39  |w 2026-02-21 
952 |a SNK  |b SNK  |y PREZ  |7 0  |p 17A0534702  |o snkČSC 944/44/2006 D1  |i snk2007/8858  |8 0  |0 0  |1 0  |4 0  |d 2007-03-30  |l 0  |r 2026-02-21 20:27:39  |w 2026-02-21 
952 |a SNK  |b SNK  |y PREZ  |7 0  |p 17A0534707  |o snkČSC 944/44/2006/príl. 1 D1  |i snk2007/8858  |8 0  |0 0  |1 0  |4 0  |d 2007-03-30  |l 0  |r 2026-02-21 20:27:41  |w 2026-02-21 
952 |a SNK  |b SNK  |y PREZ  |7 0  |p 17A0534709  |o snkČSC 944/44/2006/príl. 2 D1  |i snk2007/8858  |8 0  |0 0  |1 0  |4 0  |d 2007-03-30  |l 0  |r 2026-02-21 20:27:42  |w 2026-02-21 
952 |a SNK  |b SNK  |y PREZ  |7 0  |p 17A0534704  |o snkČSC 944/44/2006/príl. 3 D1  |i snk2007/8858  |8 0  |0 0  |1 0  |4 0  |d 2007-03-30  |l 0  |r 2026-02-21 20:27:42  |w 2026-02-21 
952 |a SNK  |b SNK  |y PREZ  |7 0  |p 17A0582487  |o snkČSC 944/45/2007  |i snk2008/14612  |8 0  |f 1  |0 0  |1 0  |4 0  |d 2008-07-28  |l 0  |r 2026-02-21 20:28:43  |w 2026-02-21 
952 |a SNK  |b SNK  |y PREZ  |7 0  |p 17A0582488  |o snkČSC 944/45/2007/príl.  |i snk2008/14612  |8 0  |f 1  |0 0  |1 0  |4 0  |d 2008-07-28  |l 0  |r 2026-02-21 20:28:43  |w 2026-02-21 
952 |a SNK  |b SNK  |y PREZ  |7 0  |p 17A0582489  |o snkČSC 944/45/2007 D1  |i snk2008/14613  |8 0  |0 0  |1 0  |4 0  |d 2008-07-28  |l 0  |r 2026-02-21 20:28:43  |w 2026-02-21 
952 |a SNK  |b SNK  |y PREZ  |7 0  |p 17A0186078  |o snkČSC 944/23/1985  |i snkKSP 767/86  |f 1  |0 0  |1 0  |4 0  |d 1999-04-29  |l 0  |r 2004-12-31 00:00:00  |w 2026-02-21 
952 |a SNK  |b SNK  |y PREZ  |7 0  |p 17A0309525  |o snkČSC 944/23/1985 D1  |i snkKSP 768/86  |0 0  |1 0  |4 0  |d 2001-08-08  |l 0  |r 2004-12-31 00:00:00  |w 2026-02-21 
952 |a SNK  |b SNK  |y PREZ  |7 0  |p 17A0093476  |o snkČSC 944/24/1986  |i snkKSP 8157/86  |f 1  |0 0  |1 0  |4 0  |d 1997-09-09  |l 0  |r 2004-12-31 00:00:00  |w 2026-02-21 
952 |a SNK  |b SNK  |y PREZ  |7 0  |p 17A0339866  |o snkČSC 944/24/1986 D1  |0 0  |1 0  |4 0  |d 2002-04-19  |l 0  |r 2004-12-31 00:00:00  |w 2026-02-21 
952 |a SNK  |b SNK  |y PREZ  |7 0  |p 17A0093477  |o snkČSC 944/21/1983 D1  |0 0  |1 0  |4 0  |d 1997-09-09  |l 0  |r 2004-12-31 00:00:00  |w 2026-02-21 
952 |a SNK  |b SNK  |y PREZ  |7 0  |p 17A0339794  |o snkČSC 944/21/1983  |i snkKSP 8312/83  |f 1  |0 0  |1 0  |4 0  |d 2002-04-19  |l 0  |r 2004-12-31 00:00:00  |w 2026-02-21 
952 |a SNK  |b SNK  |y PREZ  |7 0  |p 17A0186079  |o snkČSC 944/22/1984 D1  |0 0  |1 0  |4 0  |d 1999-04-29  |l 0  |r 2004-12-31 00:00:00  |w 2026-02-21 
952 |a SNK  |b SNK  |y PREZ  |7 0  |p 17A0339793  |o snkČSC 944/22/1984  |i snkKSP 10116/84  |f 1  |0 0  |1 0  |4 0  |d 2002-04-19  |l 0  |r 2004-12-31 00:00:00  |w 2026-02-21 
952 |a SNK  |b SNK  |y PREZ  |7 0  |p 17A0093334  |o snkČSC 944/19/1981  |i snkKSP 10186/81  |f 1  |0 0  |1 0  |4 0  |d 1997-09-09  |l 0  |r 2004-12-31 00:00:00  |w 2026-02-21 
952 |a SNK  |b SNK  |y PREZ  |7 0  |p 17A0093163  |o snkČSC 944/20/1982  |i snkKSP 8299/82  |f 1  |0 0  |1 0  |4 0  |d 1997-09-09  |l 0  |r 2004-12-31 00:00:00  |w 2026-02-21 
952 |a SNK  |b SNK  |y PREZ  |7 0  |p 17A0339792  |o snkČSC 944/20/1982 D1  |0 0  |1 0  |4 0  |d 2002-04-19  |l 0  |r 2004-12-31 00:00:00  |w 2026-02-21 
952 |a SNK  |b SNK  |y PREZ  |7 0  |p 17A0093391  |o snkČSC 944/18/1980 D1  |0 0  |1 0  |4 0  |d 1997-09-09  |l 0  |r 2004-12-31 00:00:00  |w 2026-02-21 
952 |a SNK  |b SNK  |y PREZ  |7 0  |p 17A0104097  |o snkČSC 944/18/1980  |i snkKSP 9744/80  |f 1  |0 0  |1 0  |4 0  |d 1997-10-21  |l 0  |r 2004-12-31 00:00:00  |w 2026-02-21 
952 |a SNK  |b SNK  |y PREZ  |7 0  |p 17A0093118  |o snkČSC 944/10/1972  |i snkKSP 8044/72  |f 1  |0 0  |1 0  |4 0  |d 1997-09-18  |l 0  |r 2005-01-02 00:00:00  |w 2026-02-21 
952 |a SNK  |b SNK  |y PREZ  |7 0  |p 17A0104002  |o snkČSC 944/6/1965-66  |i snkKSP 4739/68  |f 1  |0 0  |1 0  |4 0  |d 1997-10-22  |l 0  |r 2005-01-02 00:00:00  |w 2026-02-21 
952 |a SNK  |b SNK  |y PREZ  |7 0  |p 17A0330239  |o snkČSC 944/9/1971 D1  |0 0  |1 0  |4 0  |d 2002-02-07  |l 0  |r 2005-01-02 00:00:00  |w 2026-02-21 
952 |a SNK  |b SNK  |y PREZ  |7 0  |p 17A0339810  |o snkČSC 944/11/1973  |i snkKSP 5580/73  |f 1  |0 0  |1 0  |4 0  |d 2002-04-19  |l 0  |r 2005-01-02 00:00:00  |w 2026-02-21 
952 |t č. 1-2 + 1 suppl.  |a SNK  |b SNK  |y PREZ  |7 0  |p 17A0859226  |o snkČSC 944/46/2008  |i snk2014/6902  |8 0  |z suppl.: Brestovská jaskyňa v Západných Tatrách   |f 1  |0 0  |1 0  |4 0  |d 2014-03-17  |l 0  |r 2026-02-21 20:41:54  |w 2026-02-21 
952 |t č. 1-2 + 1 suppl.  |a SNK  |b SNK  |y PREZ  |7 0  |p 17A0859227  |o snkČSC 944/46/2008 D1  |i snk2014/6904  |8 0  |z suppl.: Brestovská jaskyňa v Západných Tatrách   |0 0  |1 0  |4 0  |d 2014-03-17  |l 0  |r 2026-02-21 20:41:54  |w 2026-02-21 
952 |t č. 1-2 + 1 suppl.  |a SNK  |b SNK  |y PREZ  |7 0  |p 17A0859228  |o snkČSC 944/47/2009  |i snk2014/6913  |8 0  |z suppl.: European cave bear researches  |f 1  |0 0  |1 0  |4 0  |d 2014-03-17  |l 0  |r 2026-02-21 20:41:54  |w 2026-02-21 
952 |t č. 1-2 + suppl.  |a SNK  |b SNK  |y PREZ  |7 0  |p 17A0859229  |o snkČSC 944/47/2009 D1  |i snk2014/6914  |8 0  |z suppl.: European cave bear researches  |0 0  |1 0  |4 0  |d 2014-03-17  |l 0  |r 2026-02-21 20:41:54  |w 2026-02-21 
952 |t č. 1-2  |a SNK  |b SNK  |y PREZ  |7 0  |p 17A0859230  |o snkČSC 944/48/2010  |i snk2014/6915  |8 0  |f 1  |0 0  |1 0  |4 0  |d 2014-03-17  |l 0  |r 2026-02-21 20:41:54  |w 2026-02-21 
952 |t č. 1-2  |a SNK  |b SNK  |y PREZ  |7 0  |p 17A0859231  |o snkČSC 944/48/2010 D1  |i snk2014/6916  |8 0  |0 0  |1 0  |4 0  |d 2014-03-17  |l 0  |r 2026-02-21 20:41:54  |w 2026-02-21 
952 |t č. 1-2  |a SNK  |b SNK  |y PREZ  |7 0  |p 17A0859232  |o snkČSC 944/49/2011  |i snk2014/6917  |8 0  |f 1  |0 0  |1 0  |4 0  |d 2014-03-17  |l 0  |r 2026-02-21 20:41:55  |w 2026-02-21 
952 |t 3 mp. príl.  |a SNK  |b SNK  |y PREZ  |7 0  |p 17A0859233  |o snkČSC 944/49/2011/príl.  |i snk2014/6917  |8 0  |f 1  |0 0  |1 0  |4 0  |d 2014-03-17  |l 0  |r 2026-02-21 20:41:55  |w 2026-02-21 
952 |t č. 1-2  |a SNK  |b SNK  |y PREZ  |7 0  |p 17A0859234  |o snkČSC 944/49/2011 D1  |i snk2014/6918  |8 0  |0 0  |1 0  |4 0  |d 2014-03-17  |l 0  |r 2026-02-21 20:41:55  |w 2026-02-21 
952 |t 3 mp. príl.  |a SNK  |b SNK  |y PREZ  |7 0  |p 17A0859235  |o snkČSC 944/49/2011/príl. D1   |i snk2014/6918  |8 0  |0 0  |1 0  |4 0  |d 2014-03-17  |l 0  |r 2026-02-21 20:41:55  |w 2026-02-21 
952 |t č. 1-2  |a SNK  |b SNK  |y PREZ  |7 0  |p 17A0859236  |o snkČSC 944/50/2012  |i snk2014/6919  |8 0  |f 1  |0 0  |1 0  |4 0  |d 2014-03-17  |l 0  |r 2026-02-21 20:41:55  |w 2026-02-21 
952 |t č. 1-2  |a SNK  |b SNK  |y PREZ  |7 0  |p 17A0859237  |o snkČSC 944/50/2012 D1  |i snk2014/6920  |8 0  |0 0  |1 0  |4 0  |d 2014-03-17  |l 0  |r 2026-02-21 20:41:55  |w 2026-02-21 
952 |t 3 mp. príl.  |a SNK  |b SNK  |y PREZ  |7 0  |p 17A0859238  |o snkČSC 944/48/2010/príl.  |i snk2014/6915  |8 0  |f 1  |0 0  |1 0  |4 0  |d 2014-03-17  |l 0  |r 2026-02-21 20:41:55  |w 2026-02-21 
952 |t 3 mp. príl.  |a SNK  |b SNK  |y PREZ  |7 0  |p 17A0859239  |o snkČSC 944/48/2010/príl. D1  |i snk2014/6916  |8 0  |0 0  |1 0  |4 0  |d 2014-03-17  |l 0  |r 2026-02-21 20:41:55  |w 2026-02-21 
952 |t 3 mp. príl.   |a SNK  |b SNK  |y PREZ  |7 0  |p 17A0859250  |o snkČSC 944/33/1995/príl.  |i snkKSP 9279/96  |f 1  |0 0  |1 0  |4 0  |d 2014-03-19  |l 0  |r 2026-02-21 20:42:00  |w 2026-02-21 
952 |t 7 príl.  |a SNK  |b SNK  |y PREZ  |7 0  |p 17A0859251  |o snkČSC 944/34/1996/príl.  |i snkKSP 2497/99  |f 1  |3 7 príl.  |0 0  |1 0  |4 0  |d 2014-03-19  |l 0  |r 2026-02-21 20:42:00  |w 2026-02-21 
952 |t 5 príl.  |a SNK  |b SNK  |y PREZ  |7 0  |p 17A0859252  |o snkČSC 944/36/1998/príl.  |i snkKSP 829/2001  |f 1  |0 0  |1 0  |4 0  |d 2014-03-19  |l 0  |r 2026-02-21 20:42:00  |w 2026-02-21 
952 |t 1 mp. príl.  |a SNK  |b SNK  |y PREZ  |7 0  |p 17A0859253  |o snkČSC 944/38/2000/príl.  |i snkKSP 12930/2002  |f 1  |0 0  |1 0  |4 0  |d 2014-03-19  |l 0  |r 2026-02-21 20:42:00  |w 2026-02-21 
952 |t 5 mp. príl.  |a SNK  |b SNK  |y PREZ  |7 0  |p 17A0859240  |o snkČSC 944/5/1963-64/príl.  |i snkKSP 379/66  |f 1  |0 0  |1 0  |4 0  |d 2014-03-18  |l 0  |r 2026-02-21 20:42:14  |w 2026-02-21 
952 |t 6 mp. príl.  |a SNK  |b SNK  |y PREZ  |7 0  |p 17A0859241  |o snkČSC 944/10/1972/príl.   |i snkKSP 8044/72  |f 1  |0 0  |1 0  |4 0  |d 2014-03-18  |l 0  |r 2026-02-21 20:42:14  |w 2026-02-21 
952 |t 1 plán  |a SNK  |b SNK  |y PREZ  |7 0  |p 17A0859245  |o snkČSC 944/46/2008/príl. D1  |i snk2014/6904  |8 0  |0 0  |1 0  |4 0  |d 2014-03-18  |l 0  |r 2026-02-21 20:42:14  |w 2026-02-21 
952 |t 1 mp. príl.  |a SNK  |b SNK  |y PREZ  |7 0  |p 17A0859243  |o snkČSC 944/13/1975/príl.  |i snkKSP 7243/75  |f 1  |0 0  |1 0  |4 0  |d 2014-03-18  |l 0  |r 2026-02-21 20:42:14  |w 2026-02-21 
952 |t 1 plán  |a SNK  |b SNK  |y PREZ  |7 0  |p 17A0859244  |o snkČSC 944/46/2008/príl.  |i snk2014/6902  |8 0  |z názov: Brestovská jaskyňa  |f 1  |0 0  |1 0  |4 0  |d 2014-03-18  |l 0  |r 2026-02-21 20:42:14  |w 2026-02-21 
952 |t 1 mp. príl.  |a SNK  |b SNK  |y PREZ  |7 0  |p 17A0859246  |o snkČSC 944/15/1977/príl.  |i snkKSP 5066/77  |f 1  |0 0  |1 0  |4 0  |d 2014-03-18  |l 0  |r 2026-02-21 20:42:14  |w 2026-02-21 
952 |t 3 príl.  |a SNK  |b SNK  |y PREZ  |7 0  |p 17A0859247  |o snkČSC 944/17/1979/príl.  |i snkKSP 4511/7921  |f 1  |0 0  |1 0  |4 0  |d 2014-03-18  |l 0  |r 2026-02-21 20:42:14  |w 2026-02-21 
952 |t 2 mp. príl.  |a SNK  |b SNK  |y PREZ  |7 0  |p 17A0859248  |o snkČSC 944/18/1980/príl.  |i snkKSP 9744/80  |f 1  |0 0  |1 0  |4 0  |d 2014-03-18  |l 0  |r 2026-02-21 20:42:14  |w 2026-02-21 
952 |t 2 mp. príl.  |a SNK  |b SNK  |y PREZ  |7 0  |p 17A0859249  |o snkČSC 944/26/1988/príl.  |i snkKSP 722/89  |f 1  |0 0  |1 0  |4 0  |d 2014-03-18  |l 0  |r 2026-02-21 20:42:14  |w 2026-02-21 
952 |a SNK  |b SNK  |y PREZ  |7 0  |p 17A1079566  |o snkČSC 944/15/1977 D1  |i snkKSP 5067/77  |0 0  |1 0  |4 0  |d 2015-09-11  |l 0  |r 2026-02-21 20:43:21  |w 2026-02-21 
952 |a SNK  |b SNK  |y PREZ  |7 0  |p 17A1079575  |o snkČSC 944/17/1979 D1  |i snkKSP 4512/79  |0 0  |1 0  |4 0  |d 2015-09-11  |l 0  |r 2026-02-21 20:43:21  |w 2026-02-21 
952 |a SNK  |b SNK  |y PREZ  |7 0  |p 17A0104096  |o snkČSC 944/17/1979  |i snkKSP 4511/79  |f 1  |0 0  |1 0  |4 0  |d 1997-10-21  |l 0  |r 2004-12-31 00:00:00  |w 2026-02-21 
952 |a SNK  |b SNK  |y PREZ  |7 0  |p 17A0104460  |o snkČSC 944/16/1978  |i snkKSP 6227/78  |f 1  |0 0  |1 0  |4 0  |d 1997-10-21  |l 0  |r 2004-12-31 00:00:00  |w 2026-02-21 
952 |a SNK  |b SNK  |y PREZ  |7 0  |p 17A0104463  |o snkČSC 944/25/1987  |i snkKSP 1577/88  |f 1  |0 0  |1 0  |4 0  |d 1997-10-21  |l 0  |r 2004-12-31 00:00:00  |w 2026-02-21 
952 |a SNK  |b SNK  |y PREZ  |7 0  |p 17A0339865  |o snkČSC 944/25/1987 D1  |0 0  |1 0  |4 0  |d 2002-04-19  |l 0  |r 2004-12-31 00:00:00  |w 2026-02-21 
952 |a SNK  |b SNK  |y PREZ  |7 0  |p 17A0124870  |o snkČSC 944/7/1967-68  |i snkKSP 781/70  |f 1  |0 0  |1 0  |4 0  |d 1998-02-19  |l 0  |r 2005-01-02 00:00:00  |w 2026-02-21 
952 |a SNK  |b SNK  |y PREZ  |7 0  |p 17A0301998  |o snkČSC 944/7/1967-68 D1  |0 0  |1 0  |4 0  |d 2001-05-21  |l 0  |r 2005-01-02 00:00:00  |w 2026-02-21 
952 |t 1998  |a SNK  |b SNK  |y NEVYP  |7 0  |o snkC 49  |i snk85/20010117  |0 0  |1 0  |4 0  |d 2001-01-16  |l 0  |r 2005-01-02 00:00:00  |w 2026-02-21 
952 |a SNK  |b SNK  |y PREZ  |7 0  |p 17A0264216  |o snkČSC 944/36/1998  |i snkKSP 829/2001  |f 1  |0 0  |1 0  |4 0  |d 2001-01-16  |l 0  |r 2005-01-02 00:00:00  |w 2026-02-21 
952 |a SNK  |b SNK  |y PREZ  |7 0  |p 17A0264217  |o snkČSC 944/36/1998 D1  |i snkKSP 830/2001  |0 0  |1 0  |4 0  |d 2001-01-16  |l 0  |r 2005-01-02 00:00:00  |w 2026-02-21 
952 |t 1999  |a SNK  |b SNK  |y NEVYP  |7 0  |o snkC 50  |i snk86/20010117  |0 0  |1 0  |4 0  |d 2001-01-16  |l 0  |r 2005-01-02 00:00:00  |w 2026-02-21 
952 |a SNK  |b SNK  |y PREZ  |7 0  |p 17A0264218  |o snkČSC 944/37/1999  |i snkKSP 831/2001  |f 1  |0 0  |1 0  |4 0  |d 2001-01-16  |l 0  |r 2005-01-02 00:00:00  |w 2026-02-21 
952 |a SNK  |b SNK  |y PREZ  |7 0  |p 17A0264219  |o snkČSC 944/37/1999 D1  |i snkKSP 832/2001  |0 0  |1 0  |4 0  |d 2001-01-16  |l 0  |r 2005-01-02 00:00:00  |w 2026-02-21 
952 |a SNK  |b SNK  |y PREZ  |7 0  |p 17A0301771  |o snkČSC 944/8/1969  |i snkKSP 7955/70  |f 1  |0 0  |1 0  |4 0  |d 2001-06-06  |l 0  |r 2005-01-02 00:00:00  |w 2026-02-21 
952 |a SNK  |b SNK  |y PREZ  |7 0  |p 17A0330104  |o snkČSC 944/8/1969 D1  |0 0  |1 0  |4 0  |d 2002-02-07  |l 0  |r 2005-01-02 00:00:00  |w 2026-02-21 
952 |a SNK  |b SNK  |y PREZ  |7 0  |p 17A0358935  |o snkČSC 944/39/2001 D1  |i snkPV 6/2004  |0 0  |1 0  |4 0  |d 2004-02-25  |l 0  |r 2005-01-02 00:00:00  |w 2026-02-21 
952 |a SNK  |b SNK  |y PREZ  |7 0  |p 17A0431228  |o snkČSC 944/40/2002  |i snkPV 7/2004  |f 1  |0 0  |1 0  |4 0  |d 2004-02-26  |l 0  |r 2005-01-02 00:00:00  |w 2026-02-21 
952 |a SNK  |b SNK  |y PREZ  |7 0  |p 17A0358937  |o snkČSC 944/40/2002 D1  |i snkPV 8/2004  |0 0  |1 0  |4 0  |d 2004-02-26  |l 0  |r 2005-01-02 00:00:00  |w 2026-02-21 
952 |a SNK  |b SNK  |y PREZ  |7 0  |p 17A0367462  |o snkČSC 944/40/2002/príl. D1  |i snkPV 8/2004  |0 0  |1 0  |4 0  |d 2004-03-03  |l 0  |r 2005-01-02 00:00:00  |w 2026-02-21 
952 |a SNK  |b SNK  |y PREZ  |7 0  |p 17A0431120  |o snkČSC 944/41/2003  |i snkPV 785/2004  |f 1  |0 0  |1 0  |4 0  |d 2004-05-20  |l 0  |r 2005-01-02 00:00:00  |w 2026-02-21 
952 |a SNK  |b SNK  |y PREZ  |7 0  |p 17A0431121  |o snkČSC 944/41/2003 D1  |i snkPV 786/2004  |0 0  |1 0  |4 0  |d 2004-05-20  |l 0  |r 2005-01-02 00:00:00  |w 2026-02-21 
952 |a SNK  |b SNK  |y PREZ  |7 0  |p 17A0431481  |o snkČSC 944/41/2003/príl. 1  |i snkPV 785/2004  |f 1  |0 0  |1 0  |4 0  |d 2004-07-08  |l 0  |r 2005-01-02 00:00:00  |w 2026-02-21 
952 |a SNK  |b SNK  |y PREZ  |7 0  |p 17A0431479  |o snkČSC 944/41/2003/príl. 1 D1  |i snkPV 786/2004  |0 0  |1 0  |4 0  |d 2004-07-08  |l 0  |r 2005-01-02 00:00:00  |w 2026-02-21 
952 |a SNK  |b SNK  |y PREZ  |7 0  |p 17A0431480  |o snkČSC 944/41/2003/príl. 2 D1  |i snkPV 786/2004  |0 0  |1 0  |4 0  |d 2004-07-08  |l 0  |r 2005-01-02 00:00:00  |w 2026-02-21 
952 |a SNK  |b SNK  |y PREZ  |7 0  |p 17A0446103  |o snkČSC 944/42/2004 D1  |i snkPV 1540/2004  |0 0  |1 0  |4 0  |d 2004-11-30  |l 0  |r 2005-01-02 00:00:00  |w 2026-02-21 
952 |a SNK  |b SNK  |y PREZ  |7 0  |p 17A0488494  |o snkČSC 944/43/2005  |i snk2006/1489  |8 0  |f 1  |0 0  |1 0  |4 0  |d 2006-01-24  |l 0  |r 2026-02-21 21:00:29  |w 2026-02-21 
952 |a SNK  |b SNK  |y PREZ  |7 0  |p 17A0143729  |o snkČSC 944/1/[1956]  |i snkČSP 999/56  |f 1  |0 0  |1 0  |4 0  |d 1998-06-16  |l 0  |r 2005-01-02 00:00:00  |w 2026-02-21 
952 |a SNK  |b SNK  |y PREZ  |7 0  |p 17A0143777  |o snkČSC 944/4/1961-62  |i snkKSP 459/64  |f 1  |0 0  |1 0  |4 0  |d 1998-06-16  |l 0  |r 2005-01-02 00:00:00  |w 2026-02-21 
952 |a SNK  |b SNK  |y PREZ  |7 0  |p 17A0143182  |o snkČSC 944/5/1963-64  |i snkKSP 379/66  |f 1  |0 0  |1 0  |4 0  |d 1998-06-16  |l 0  |r 2005-01-02 00:00:00  |w 2026-02-21 
952 |a SNK  |b SNK  |y PREZ  |7 0  |p 17A0143181  |o snkČSC 944/2/1957-58  |i snkČSP 198/64  |f 1  |0 0  |1 0  |4 0  |d 1998-06-16  |l 0  |r 2005-01-02 00:00:00  |w 2026-02-21 
952 |a SNK  |b SNK  |y PREZ  |7 0  |p 17A0016666  |o snkČSC 944/33/1995 D1  |i snkKSP 9280/96  |0 0  |1 0  |4 0  |d 1996-10-31  |l 0  |r 2005-01-01 00:00:00  |w 2026-02-21 
952 |t 1995  |a SNK  |b SNK  |y NEVYP  |7 0  |o snkC 3002  |i snk3787/961104  |0 0  |1 0  |4 0  |d 1996-10-31  |l 0  |r 2005-01-01 00:00:00  |w 2026-02-21 
952 |a SNK  |b SNK  |y PREZ  |7 0  |p 17A0039680  |o snkČSC 944/33/1995  |i snkKSP 9279/96  |f 1  |0 0  |1 0  |4 0  |d 1996-10-31  |l 0  |r 2005-01-01 00:00:00  |w 2026-02-21 
952 |a SNK  |b SNK  |y PREZ  |7 0  |p 17A0169896  |o snkČSC 944/14/1976  |i snkKSP 6167/76  |f 1  |0 0  |1 0  |4 0  |d 1998-11-12  |l 0  |r 2005-01-02 00:00:00  |w 2026-02-21 
952 |a SNK  |b SNK  |y PREZ  |7 0  |p 17A0172760  |o snkČSC 944/3/1959-60  |i snkKSP 5525/61  |f 1  |0 0  |1 0  |4 0  |d 1998-12-11  |l 0  |r 2005-01-02 00:00:00  |w 2026-02-21 
952 |a SNK  |b SNK  |y PREZ  |7 0  |p 17A0355327  |o snkČSC 944/3/1959-60 D1  |0 0  |1 0  |4 0  |d 2002-09-04  |l 0  |r 2005-01-02 00:00:00  |w 2026-02-21 
952 |a SNK  |b SNK  |y PREZ  |7 0  |p 17A0488495  |o snkČSC 944/43/2005 D1  |i snk2006/1490  |8 0  |0 0  |1 0  |4 0  |d 2006-01-24  |l 0  |r 2026-02-21 21:20:27  |w 2026-02-21 
952 |a SNK  |b SNK  |y PREZ  |7 0  |p 17A0565815  |o snkČSC 944/4/1961-62 D1  |i snkKSP 460/64  |0 0  |1 0  |4 0  |d 2007-11-16  |l 0  |r 2026-02-21 21:22:51  |w 2026-02-21 
952 |t 1996  |a SNK  |b SNK  |y NEVYP  |7 0  |o snkC 237  |i snk446/990329  |0 0  |1 0  |4 0  |d 1999-03-10  |l 0  |r 2005-01-02 00:00:00  |w 2026-02-21 
952 |a SNK  |b SNK  |y PREZ  |7 0  |p 17A0183749  |o snkČSC 944/34/1996  |i snkKSP 2497/99  |f 1  |0 0  |1 0  |4 0  |d 1999-03-10  |l 0  |r 2005-01-02 00:00:00  |w 2026-02-21 
952 |a SNK  |b SNK  |y PREZ  |7 0  |p 17A0183750  |o snkČSC 944/34/1996 D1  |i snkKSP 2498/99  |0 0  |1 0  |4 0  |d 1999-03-10  |l 0  |r 2005-01-02 00:00:00  |w 2026-02-21 
952 |a SNK  |b SNK  |y PREZ  |7 0  |p 17A0361136  |o snkČSC 944/38/2000  |i snkKSP 12930/2002  |f 1  |0 0  |1 0  |4 0  |d 2002-10-23  |l 0  |r 2005-01-02 00:00:00  |w 2026-02-21 
952 |a SNK  |b SNK  |y PREZ  |7 0  |p 17A0361137  |o snkČSC 944/38/2000 D1  |i snkKSP 12931/2002  |0 0  |1 0  |4 0  |d 2002-10-23  |l 0  |r 2005-01-02 00:00:00  |w 2026-02-21 
952 |a SNK  |b SNK  |y PREZ  |7 0  |p 17A0636508  |o snkČSC 944/6/1965-66 D1  |i snkKSP 4740/68  |0 0  |1 0  |4 0  |d 2009-11-18  |l 0  |r 2026-02-21 21:30:30  |w 2026-02-21 
952 |a SNK  |b SNK  |y NEVYP  |7 1  |p 17A0431482  |o snkČSC 944/41/2003/príl. 2  |i snkPV 785/2004  |0 0  |1 1  |4 0  |d 2004-07-08  |l 0  |r 2005-01-02 00:00:00  |w 2026-02-21 
952 |a SNK  |b SNK  |y PREZ  |7 0  |p 17A0202751  |o snkČSC 944/15/1977  |i snkKSP 5066/77  |f 1  |0 0  |1 0  |4 0  |d 1999-07-14  |l 0  |r 2005-01-02 00:00:00  |w 2026-02-21 
952 |a SNK  |b SNK  |y PREZ  |7 0  |p 17A0213011  |o snkČSC 944/12/1974  |i snkKSP 6834/74  |f 1  |0 0  |1 0  |4 0  |d 1999-10-05  |l 0  |r 2005-01-02 00:00:00  |w 2026-02-21 
952 |a SNK  |b SNK  |y PREZ  |7 0  |p 17A0611394  |o snkČSC 944/13/1975 D1  |i snkKSP 7244/75  |0 0  |1 0  |4 0  |d 2009-02-18  |l 0  |r 2026-02-21 21:40:51  |w 2026-02-21 
952 |a SNK  |b SNK  |y PREZ  |7 0  |p 17A0648731  |o snkČSC 944/12/1974 D1  |i snkKSP 6835/74  |0 0  |1 0  |4 0  |d 2010-03-08  |l 0  |r 2026-02-21 21:41:51  |w 2026-02-21 
952 |a SNK  |b SNK  |y PREZ  |7 0  |p 17A0341120  |o snkČSC 944/2/1957-58 D1  |0 0  |1 0  |4 0  |d 2002-05-02  |l 0  |r 2005-01-02 00:00:00  |w 2026-02-21 
952 |a SNK  |b SNK  |y PREZ  |7 0  |p 17A0213282  |o snkČSC 944/16/1978 D1  |0 0  |1 0  |4 0  |d 1999-10-18  |l 0  |r 2004-12-31 00:00:00  |w 2026-02-21 
952 |t č. 1-2 + suppl. 1  |a SNK  |b SNK  |y PREZ  |7 0  |p 17A1147444  |o snkČSC 944/51/2013  |i snk2016/15691  |8 0  |f 1  |0 0  |1 0  |4 0  |d 2016-06-16  |l 0  |r 2026-02-21 21:47:10  |w 2026-02-21 
952 |t č. 1-2 + suppl. 1  |a SNK  |b SNK  |y PREZ  |7 0  |p 17A1147445  |o snkČSC 944/51/2013 D1  |i snk2016/15694  |8 0  |0 0  |1 0  |4 0  |d 2016-06-16  |l 0  |r 2026-02-21 21:47:10  |w 2026-02-21 
952 |t č. 1-2  |a SNK  |b SNK  |y PREZ  |7 0  |p 17A1147446  |o snkČSC 944/52/2014  |i snk2016/15695  |8 0  |f 1  |0 0  |1 0  |4 0  |d 2016-06-16  |l 0  |r 2026-02-21 21:47:10  |w 2026-02-21 
952 |t č. 1-2  |a SNK  |b SNK  |y PREZ  |7 0  |p 17A1147447  |o snkČSC 944/52/2014 D1  |i snk2016/15696  |8 0  |0 0  |1 0  |4 0  |d 2016-06-16  |l 0  |r 2026-02-21 21:47:10  |w 2026-02-21 
952 |t č. 1-2  |a SNK  |b SNK  |y PREZ  |7 0  |p 17A1384609  |o snkČSC 944/53/2015  |i snk2019/28837  |8 0  |f 1  |0 0  |1 0  |4 0  |d 2019-11-11  |l 0  |r 2026-02-21 22:07:57  |w 2026-02-21 
952 |t č. 1-2 + 1 príl.  |a SNK  |b SNK  |y PREZ  |7 0  |p 17A1384610  |o snkČSC 944/54/2016  |i snk2019/28838  |8 0  |z Príl.: v č. 1 - mapa Homoľa  |f 1  |0 0  |1 0  |4 0  |d 2019-11-11  |l 0  |r 2026-02-21 22:07:57  |w 2026-02-21 
952 |t č. 1-2 + 2 príl.  |a SNK  |b SNK  |y PREZ  |7 0  |p 17A1384612  |o snkČSC 944/55/2017  |i snk2019/28839  |8 0  |z Príl.: v č. 2 - Mapová príloha I, II  |f 1  |0 0  |1 0  |4 0  |d 2019-11-11  |l 0  |r 2026-02-21 22:07:57  |w 2026-02-21 
952 |t č. 1-2 + 1 príl.  |a SNK  |b SNK  |y PREZ  |7 0  |p 17A1384611  |o snkČSC 944/56/2018  |i snk2019/28841  |8 0  |z Príl.: v č. 2 - mapa Chladivý dych  |f 1  |0 0  |1 0  |4 0  |d 2019-11-11  |l 0  |r 2026-02-21 22:07:57  |w 2026-02-21 
952 |t č. 1-2  |a SNK  |b SNK  |y PREZ  |7 0  |p 17A1384613  |o snkČSC 944/53/2015 D1  |i snk2019/28842  |8 0  |0 0  |1 0  |4 0  |d 2019-11-11  |l 0  |r 2026-02-21 22:07:57  |w 2026-02-21 
952 |t č. 1-2 + 1 príl.  |a SNK  |b SNK  |y PREZ  |7 0  |p 17A1384614  |o snkČSC 944/54/2016 D1  |i snk2019/28848  |8 0  |z Príl.: v č. 1 - mapa Homoľa  |0 0  |1 0  |4 0  |d 2019-11-11  |l 0  |r 2026-02-21 22:07:57  |w 2026-02-21 
952 |t č. 1-2 + 2 príl.  |a SNK  |b SNK  |y PREZ  |7 0  |p 17A1384615  |o snkČSC 944/55/2017 D1  |i snk2019/28849  |8 0  |z Príl.: v č. 2 - Mapová príloha I, II  |0 0  |1 0  |4 0  |d 2019-11-11  |l 0  |r 2026-02-21 22:07:57  |w 2026-02-21 
952 |t č. 1-2 + 1 príl.  |a SNK  |b SNK  |y PREZ  |7 0  |p 17A1384616  |o snkČSC 944/56/2018 D1  |i snk2019/28850  |8 0  |z Príl.: v č. 2 - mapa Chladivý dych  |0 0  |1 0  |4 0  |d 2019-11-11  |l 0  |r 2026-02-21 22:07:57  |w 2026-02-21 
952 |t č. 1-7, výkresy  |a SNK  |b SNK  |y PREZ  |7 0  |p 17A1150131  |o snkČSC 944/34/1996/pril. D1  |i snkKSP 2498/99  |z Prílohy: 7 ks výkresy  |3 Prílohy: 7 ks výkresy  |0 0  |1 0  |4 0  |d 2016-04-08  |l 0  |r 2026-02-21 22:09:28  |w 2026-02-21